000 00666cam a2200157ua 4500
041 _aeng
_h
082 _a628.245
_bBUR/SP
110 1 _aBureau of Indian Standards .
_b
_c()
245 _aSpecification for non-pressure asbestos cement pipes and fittings for sewerage and drainage
250 _a1 /
_b.
260 _a :
_bBureau of Indian standards ,
_c1989.
300 _a16 ; .
504 _a
942 _cBK
999 _c10362
_d10362